[Event "Brazil Foz do Iguacu Open"]
[Site "Foz do Iguacu BRA"]
[Date "2018.05.20"]
[Round "9.1"]
[White "Mareco, S."]
[Black "Barbosa, Ev"]
[Result "1-0"]
[WhiteElo "2637"]
[BlackElo "2520"]
[PlyCount "57"]
[EventDate "2018.05.16"]
[EventType "swiss"]
[EventRounds "9"]
[EventCountry "BRA"]
[SourceTitle "The Week in Chess 1228"]
[Source "Mark Crowther"]
[SourceDate "2018.05.21"]
[SourceVersion "1"]
[SourceVersionDate "2018.05.21"]
[SourceQuality "2"]

1. e4 e6 2. d4 d5 3. Nd2 c5 4. Ngf3 cxd4 5. Nxd4 Nf6 6. exd5 Nxd5 7. N2f3 Bb4+
8. Bd2 O-O 9. c4 Bxd2+ 10. Qxd2 Nf6 11. O-O-O Qb6 12. Bd3 Nc6 13. Nxc6 bxc6 14.
Ne5 Rb8 15. Qc3 c5 16. Bc2 Bb7 17. f3 Rfd8 18. Rxd8+ Rxd8 19. Rd1 Rd4 20. Rxd4
cxd4 21. Qd2 a5 22. Qf4 h6 23. g4 a4 24. Bxa4 Qa5 25. Bb3 Qe1+ 26. Bd1 Qg1 27.
h4 Qe3+ 28. Qxe3 dxe3 29. Kc2 1-0

[Event "Titled Tuesday 9th Nov"]
[Site "chess.com INT"]
[Date "2021.11.09"]
[Round "1"]
[White "Barbosa, Ev"]
[Black "Koridze, Lile"]
[Result "1-0"]
[WhiteElo "2509"]
[BlackElo "2001"]
[PlyCount "109"]
[EventDate "2021.11.09"]
[SourceVersionDate "2018.05.14"]

1. e4 c5 2. Nf3 d6 3. d4 cxd4 4. Nxd4 Nf6 5. Nc3 Nc6 6. Be2 e5 7. Nf3 Be7 8.
Bg5 O-O 9. Bxf6 Bxf6 10. O-O Be6 11. Nd5 Bg5 12. c3 Kh8 13. Bc4 Bh6 14. Qe2 f5
15. exf5 Bxf5 16. Nd2 Qg5 17. Ne4 Qg6 18. Ng3 Bg4 19. f3 Bd7 20. Bd3 Qg5 21.
Ne4 Qd8 22. Rad1 Be6 23. Bc4 Na5 24. Bb3 Nxb3 25. axb3 Bxd5 26. Rxd5 Qb6+ 27.
Kh1 Qxb3 28. Rfd1 g6 29. Nxd6 Bg7 30. Rb5 Qe6 31. Rxb7 h6 32. c4 Kh7 33. Ne4
Rfd8 34. b3 a5 35. h3 Qc6 36. Rf7 Qe6 37. Rc7 Qf5 38. Rd3 Rd4 39. c5 Rad8 40.
Rxd4 exd4 41. Nd6 Qf4 42. Qc4 Qe3 43. Ne4 Qe1+ 44. Kh2 Qh4 45. Qf7 Rg8 46. Nf6+
Qxf6 47. Qxf6 d3 48. Qd4 Kh8 49. Rxg7 Rxg7 50. Qxd3 Kh7 51. Qc4 Rc7 52. c6 Kg7
53. Qb5 Kf6 54. Qb6 Rf7 55. c7+ 1-0

[Event "Titled Tuesday 9th Nov"]
[Site "chess.com INT"]
[Date "2021.11.09"]
[Round "4"]
[White "Thorhallsson, Simon"]
[Black "Barbosa, Ev"]
[Result "1-0"]
[WhiteElo "2275"]
[BlackElo "2509"]
[PlyCount "271"]
[EventDate "2021.11.09"]
[SourceVersionDate "2018.05.14"]

1. e4 c5 2. Nf3 e6 3. d4 cxd4 4. Nxd4 Nc6 5. g3 Qc7 6. Bg2 a6 7. O-O d6 8. a4
Nf6 9. Nc3 Be7 10. Be3 O-O 11. f4 Bd7 12. Nb3 Na5 13. Nxa5 Qxa5 14. g4 Bc6 15.
g5 Nd7 16. Rf3 g6 17. Rh3 Rfe8 18. Qe1 Bf8 19. Qh4 h5 20. Rf1 Bg7 21. f5 exf5
22. exf5 Bxg2 23. Kxg2 Bxc3 24. fxg6 Qd5+ 25. Kg1 fxg6 26. bxc3 Re4 27. Qf2 Rf8
28. Qd2 Rg4+ 29. Rg3 Rxf1+ 30. Kxf1 Qh1+ 31. Bg1 Rxg3 32. hxg3 Qf3+ 33. Bf2
Qh1+ 34. Ke2 Qe4+ 35. Kf1 d5 36. Bd4 Nb8 37. g4 Qxg4 38. Qh2 Qf5+ 39. Ke2 Qe6+
40. Kd1 Nc6 41. Qc7 Nxd4 42. cxd4 Qc6 43. Qd8+ Kf7 44. Qh8 Ke6 45. Qf6+ Kd7 46.
Qf7+ Kc8 47. a5 Kb8 48. Kd2 Ka7 49. Qf6 Kb8 50. Qf8+ Kc7 51. Qf6 Kc8 52. Qf8+
Kd7 53. Qf7+ Kd8 54. Qf8+ Kc7 55. Qf7+ Kb8 56. Qf8+ Ka7 57. Qf6 h4 58. Qh8 Qc4
59. Qxh4 Qb4+ 60. c3 Qxa5 61. Qf4 Qb6 62. Qf6 Qc6 63. Qf8 a5 64. Qe7 a4 65. Qb4
Ka6 66. Kc2 b6 67. Qf8 Kb5 68. Qb4+ Ka6 69. Qf8 b5 70. Kb2 Kb6 71. Kc2 Qe6 72.
Qd8+ Kc6 73. Qa8+ Kc7 74. Qa7+ Kc6 75. Qa8+ Kd7 76. Qb7+ Ke8 77. Qxb5+ Qd7 78.
Qb8+ Ke7 79. Qe5+ Kf7 80. Qf6+ Ke8 81. Qxg6+ Kd8 82. Qf6+ Kc8 83. g6 Qg4 84.
Qf8+ Kb7 85. g7 Qe2+ 86. Kb1 Qd1+ 87. Kb2 Qb3+ 88. Kc1 Qxc3+ 89. Kd1 Qd3+ 90.
Ke1 Qe3+ 91. Kf1 Qd3+ 92. Kg2 Qd2+ 93. Kf3 Qd3+ 94. Kg2 Qd2+ 95. Kg3 Qd3+ 96.
Kg4 Qxd4+ 97. Kf5 Qe4+ 98. Kf6 Qf4+ 99. Ke7 Qc7+ 100. Ke8 Qc8+ 101. Kf7 Qf5+
102. Ke7 Qe5+ 103. Kd7 Qc7+ 104. Ke6 Qc6+ 105. Ke5 Qc3+ 106. Kxd5 Qd3+ 107. Ke6
Qe3+ 108. Kf6 Qf4+ 109. Kg6 Qg4+ 110. Kf7 Qf5+ 111. Ke8 Qb5+ 112. Ke7 Qe5+ 113.
Kd7 Qd5+ 114. Ke8 Qb5+ 115. Kf7 Qf5+ 116. Ke7 Qe5+ 117. Kd7 Qb5+ 118. Ke6 Qc6+
119. Ke5 Qb5+ 120. Kd4 Qb2+ 121. Kc4 Qc2+ 122. Kb4 Qb3+ 123. Kc5 Qc3+ 124. Kb5
Qb3+ 125. Qb4 Qd5+ 126. Kxa4+ Kc7 127. Qf8 Qa2+ 128. Kb5 Qb3+ 129. Kc5 Qc3+
130. Kd5 Qd3+ 131. Ke5 Qe3+ 132. Kf6 Qf4+ 133. Kg6 Qg4+ 134. Kh7 Qh5+ 135. Kg8
Kd7 136. Qf7+ 1-0

[Event "Titled Tuesday 9th Nov"]
[Site "chess.com INT"]
[Date "2021.11.09"]
[Round "6"]
[White "Mortazavi, A."]
[Black "Barbosa, Ev"]
[Result "0-1"]
[WhiteElo "2333"]
[BlackElo "2509"]
[PlyCount "90"]
[EventDate "2021.11.09"]
[SourceVersionDate "2018.05.14"]

1. Nf3 c5 2. g3 Nc6 3. Bg2 g6 4. O-O Bg7 5. e4 d6 6. c3 e5 7. a3 a5 8. a4 Nge7
9. d3 O-O 10. Na3 h6 11. d4 cxd4 12. cxd4 Bg4 13. d5 Nd4 14. Nc2 Nb3 15. Ra3
Nxc1 16. Qxc1 Rc8 17. Qd2 Qd7 18. Ne3 Bxf3 19. Bxf3 Rc5 20. b3 h5 21. Nc4 Qc7
22. Raa1 Kh7 23. Rad1 Bh6 24. Qd3 Ng8 25. Be2 Nf6 26. h3 Kg7 27. Kg2 Nd7 28. f4
Re8 29. f5 Rf8 30. fxg6 fxg6 31. Rxf8 Nxf8 32. Rf1 Qe7 33. Qf3 Rc7 34. Nxa5 Nh7
35. Nc4 Nf6 36. a5 Rc8 37. Bd3 Rf8 38. Qf2 Kh7 39. Qb6 Ne8 40. Rxf8 Bxf8 41. b4
h4 42. g4 Qg5 43. Qxb7+ Kh6 44. Qf7 Bg7 45. Qxe8 Qf4 0-1

[Event "Titled Tuesday 9th Nov"]
[Site "chess.com INT"]
[Date "2021.11.09"]
[Round "7"]
[White "Barbosa, Ev"]
[Black "Buchenau, F."]
[Result "1-0"]
[WhiteElo "2509"]
[BlackElo "2274"]
[PlyCount "39"]
[EventDate "2021.11.09"]
[SourceVersionDate "2018.05.14"]

1. e4 e6 2. d3 d5 3. Qe2 dxe4 4. dxe4 b6 5. Nd2 Ba6 6. Nc4 e5 7. Nf3 Nc6 8. c3
Nf6 9. Qc2 Nd7 10. Ncxe5 Bxf1 11. Nxc6 Qf6 12. Rxf1 Qxc6 13. Be3 Bc5 14. Nd4
Qg6 15. O-O-O Qxg2 16. Rg1 Qxh2 17. Rxg7 O-O-O 18. Rxf7 Ne5 19. Bf4 Qh5 20. Rf5
1-0

[Event "Titled Tuesday 9th Nov"]
[Site "chess.com INT"]
[Date "2021.11.09"]
[Round "9"]
[White "Van der Werf, M."]
[Black "Barbosa, Ev"]
[Result "1-0"]
[WhiteElo "2387"]
[BlackElo "2509"]
[PlyCount "103"]
[EventDate "2021.11.09"]
[SourceVersionDate "2018.05.14"]

1. c4 c5 2. Nf3 Nc6 3. Nc3 e5 4. e3 Nf6 5. d4 cxd4 6. exd4 e4 7. d5 exf3 8.
dxc6 dxc6 9. Qxf3 Bc5 10. h3 O-O 11. Be2 Re8 12. O-O Nd7 13. Bf4 Ne5 14. Bxe5
Rxe5 15. Rad1 Qe7 16. Bd3 g6 17. Ne4 Bb6 18. c5 Bxc5 19. Nxc5 Rxc5 20. Rfe1 Be6
21. b3 Qc7 22. Qf6 Rd5 23. Bc4 Rxd1 24. Rxd1 Bxc4 25. bxc4 Re8 26. h4 Qe7 27.
Qf4 h5 28. g3 a6 29. a4 Kg7 30. a5 Qf6 31. Qd2 Re4 32. c5 Re5 33. Qc3 Rd5 34.
Qxf6+ Kxf6 35. Rc1 Ke5 36. Kg2 Kd4 37. Rb1 Kxc5 38. Rxb7 Rf5 39. Rb6 Kd6 40.
Rxa6 Kd5 41. Ra8 Kc5 42. a6 Kb6 43. Kf1 c5 44. Ke2 Rd5 45. Ke3 Rd7 46. Ke4 c4
47. Rc8 Kb5 48. Ke3 Kb4 49. Rb8+ Ka5 50. Rc8 Kb4 51. Rb8+ Ka5 52. Rc8 1-0

[Event "Titled Tuesday 9th Nov"]
[Site "chess.com INT"]
[Date "2021.11.09"]
[Round "10"]
[White "Barbosa, Ev"]
[Black "Baches Garcia, G."]
[Result "1-0"]
[WhiteElo "2509"]
[BlackElo "2329"]
[PlyCount "79"]
[EventDate "2021.11.09"]
[SourceVersionDate "2018.05.14"]

1. e4 c5 2. Nf3 d6 3. d4 cxd4 4. Nxd4 Nf6 5. Nc3 Nc6 6. Be2 e5 7. Nf3 Be7 8.
Bg5 Be6 9. Bxf6 Bxf6 10. Nd5 Bxd5 11. Qxd5 O-O 12. O-O Nd4 13. Nxd4 exd4 14.
Bc4 Qb6 15. Bb3 Rac8 16. Qf5 Rc5 17. Qf3 a5 18. a4 Qd8 19. Rad1 Qe7 20. Rfe1 g6
21. g3 Kg7 22. Kg2 h5 23. h4 Rfc8 24. Re2 Be5 25. Red2 b5 26. axb5 Rxb5 27. Qe2
Rb4 28. Ra1 Rc5 29. Rd3 Bf6 30. Qf3 Re5 31. Rdd1 Rxe4 32. Rxa5 Re5 33. Rda1 Rf5
34. Rxf5 gxf5 35. Qxf5 d3 36. Qxd3 Bxb2 37. Ra5 Be5 38. Qf3 Rd4 39. Rb5 Rd2 40.
Rb7 1-0

[Event "Titled Tuesday 9th Nov"]
[Site "chess.com INT"]
[Date "2021.11.09"]
[Round "11"]
[White "Shubenkova, Veronika"]
[Black "Barbosa, Ev"]
[Result "1-0"]
[WhiteElo "1762"]
[BlackElo "2509"]
[PlyCount "71"]
[EventDate "2021.11.09"]
[SourceVersionDate "2018.05.14"]

1. d4 Nf6 2. Nf3 e6 3. e3 c5 4. Bd3 b6 5. O-O Bb7 6. Nbd2 cxd4 7. exd4 Be7 8.
b3 O-O 9. Bb2 d6 10. c4 Nbd7 11. Rc1 Re8 12. Re1 Bf8 13. Bb1 g6 14. Nf1 Bg7 15.
Ne3 a6 16. Ba3 Qc7 17. Bd3 Rad8 18. b4 e5 19. Bf1 Qb8 20. d5 Rc8 21. Qb3 e4 22.
Nd2 h5 23. Bb2 Ne5 24. h3 Rcd8 25. Bd4 Bc8 26. a4 Ned7 27. Qb2 Qc7 28. Rc2 a5
29. bxa5 bxa5 30. Nb3 Ba6 31. c5 Bxf1 32. Kxf1 dxc5 33. Nxc5 Nxc5 34. Rxc5 Qe7
35. Rc6 Rb8 36. Qa1 1-0

[Event "Titled Tuesday 16th Nov"]
[Site "chess.com INT"]
[Date "2021.11.16"]
[Round "1"]
[White "Petrova, I."]
[Black "Barbosa, Ev"]
[Result "0-1"]
[WhiteElo "2141"]
[BlackElo "2509"]
[PlyCount "112"]
[EventDate "2021.11.16"]
[SourceVersionDate "2018.05.14"]

1. e4 c5 2. Nf3 e6 3. b3 a6 4. Bb2 Nc6 5. g3 Qc7 6. Bg2 d6 7. O-O Nf6 8. d3 Be7
9. Nbd2 O-O 10. a4 Rb8 11. Re1 Nd7 12. h4 b5 13. axb5 axb5 14. Nf1 Bb7 15. N1h2
Bf6 16. Bxf6 Nxf6 17. Ng5 Ra8 18. Rxa8 Rxa8 19. Ng4 Nxg4 20. Qxg4 h6 21. Nf3
Ra2 22. Re2 Nd4 23. Nxd4 cxd4 24. Qf4 e5 25. Qd2 Qc5 26. f4 b4 27. Rf2 Bc8 28.
Qe2 Qc3 29. Kh2 Ra1 30. fxe5 dxe5 31. Qf3 Be6 32. Bh3 Qc6 33. Bxe6 Qxe6 34. Qf5
Qxf5 35. exf5 f6 36. Kg2 Kf7 37. Kf3 Ke7 38. Ke4 Kd6 39. Re2 Rf1 40. Rg2 h5 41.
Re2 Kc5 42. Rg2 Rh1 43. Kf3 Kd5 44. Re2 Rf1+ 45. Kg2 Rxf5 46. Re1 g5 47. hxg5
fxg5 48. Ra1 e4 49. dxe4+ Kxe4 50. Ra4 Rc5 51. Rxb4 Rxc2+ 52. Kf1 Ke3 53. Rb8
d3 54. Re8+ Kf3 55. Rf8+ Kxg3 56. Rd8 Rc1# 0-1

[Event "Titled Tuesday 16th Nov"]
[Site "chess.com INT"]
[Date "2021.11.16"]
[Round "2"]
[White "Barbosa, Ev"]
[Black "Locci, D."]
[Result "0-1"]
[WhiteElo "2509"]
[BlackElo "2216"]
[PlyCount "92"]
[EventDate "2021.11.16"]
[SourceVersionDate "2018.05.14"]

1. e4 e6 2. d3 d5 3. Qe2 Nf6 4. Nf3 Nc6 5. c3 dxe4 6. dxe4 e5 7. Qc2 Bg4 8. Be2
Bc5 9. O-O Qe7 10. Nbd2 O-O 11. Nc4 b5 12. Ne3 Bxe3 13. Bxe3 a6 14. a4 Rab8 15.
h3 Bxf3 16. Bxf3 Rfd8 17. Rfd1 Rxd1+ 18. Rxd1 Rd8 19. Ra1 h6 20. Be2 Rb8 21.
axb5 axb5 22. b4 Nd8 23. Ra7 Ne6 24. g3 Qd7 25. Qd3 Qxd3 26. Bxd3 c6 27. Kf1
Rd8 28. Ke2 Rd7 29. Ra6 Rc7 30. f4 Nd7 31. f5 Ng5 32. h4 Nh7 33. g4 Nhf6 34.
Ra8+ Kh7 35. Kf3 g6 36. g5 hxg5 37. hxg5 Nh5 38. c4 c5 39. cxb5 cxb4 40. b6 Rc3
41. Bb5 Nxb6 42. Ke2 Ng3+ 43. Kf3 b3 44. Ra1 Nh5 45. f6 Nc4 46. Bxc4 Rxc4 0-1

[Event "Titled Tuesday 16th Nov"]
[Site "chess.com INT"]
[Date "2021.11.16"]
[Round "3"]
[White "Guseva, Marina"]
[Black "Barbosa, Ev"]
[Result "1-0"]
[WhiteElo "2384"]
[BlackElo "2509"]
[PlyCount "63"]
[EventDate "2021.11.16"]
[SourceVersionDate "2018.05.14"]

1. d4 Nf6 2. c4 g6 3. Nf3 d5 4. cxd5 Nxd5 5. g3 Nb6 6. Bg2 Bg7 7. O-O Nc6 8.
Nc3 O-O 9. d5 Na5 10. e4 c6 11. Bf4 cxd5 12. Nxd5 Nxd5 13. exd5 Nc4 14. b3 Nd6
15. Be5 Bg4 16. Bxg7 Bxf3 17. Qxf3 Kxg7 18. Rfe1 Re8 19. h4 h5 20. Bh3 Qb6 21.
Qc3+ Kh7 22. a4 a5 23. Re5 Qd8 24. Rae1 Ra6 25. Qf3 Kg7 26. g4 hxg4 27. Bxg4
Rb6 28. h5 Rb4 29. hxg6 f6 30. Re6 Qc7 31. Qh3 Rxg4+ 32. Qxg4 1-0

[Event "Titled Tuesday 16th Nov"]
[Site "chess.com INT"]
[Date "2021.11.16"]
[Round "4"]
[White "Barbosa, Ev"]
[Black "Bach, Ngoc Thuy Duong"]
[Result "1-0"]
[WhiteElo "2509"]
[BlackElo "2198"]
[PlyCount "71"]
[EventDate "2021.11.16"]
[SourceVersionDate "2018.05.14"]

1. e4 c5 2. Nf3 d6 3. Bb5+ Nc6 4. d4 cxd4 5. Qxd4 Bd7 6. Bxc6 Bxc6 7. Nc3 Nf6
8. Bg5 e6 9. O-O-O Be7 10. Rhe1 O-O 11. Kb1 Qa5 12. Qd2 Qb6 13. Nd4 Rac8 14. f3
Rfe8 15. g4 a6 16. Nce2 d5 17. e5 Nd7 18. Bxe7 Rxe7 19. f4 Nc5 20. Ng3 Rec7 21.
f5 Na4 22. Nb3 Be8 23. Rc1 Rc4 24. h3 Qb4 25. Qf2 h6 26. Nh5 exf5 27. gxf5 f6
28. Nxg7 Kxg7 29. Qg3+ Kh7 30. exf6 R4c7 31. Rxe8 Rxe8 32. Qg6+ Kh8 33. Qxe8+
Kh7 34. Qg6+ Kh8 35. Qxh6+ Kg8 36. Rg1+ 1-0

[Event "Titled Tuesday 16th Nov"]
[Site "chess.com INT"]
[Date "2021.11.16"]
[Round "5"]
[White "Yordanov, Nikolay1"]
[Black "Barbosa, Ev"]
[Result "0-1"]
[WhiteElo "2222"]
[BlackElo "2509"]
[PlyCount "106"]
[EventDate "2021.11.16"]
[SourceVersionDate "2018.05.14"]

1. d4 Nf6 2. Bf4 g6 3. e3 Bg7 4. h3 d6 5. Nf3 O-O 6. Be2 b6 7. O-O Bb7 8. c4
Nbd7 9. Nc3 Ne4 10. Nxe4 Bxe4 11. Nd2 Bb7 12. Bf3 Qc8 13. Rc1 e5 14. Bxb7 Qxb7
15. dxe5 dxe5 16. Bg3 Rad8 17. Qc2 Nc5 18. b4 Nd3 19. Rb1 f5 20. Rb3 e4 21. c5
Qd5 22. Bxc7 Rc8 23. Bg3 bxc5 24. bxc5 Rxc5 25. Qb1 g5 26. Rb8 f4 27. Rxf8+
Bxf8 28. exf4 gxf4 29. Bh4 Rb5 30. Nb3 Qh5 31. g3 Qe2 32. Qd1 Qxd1 33. Rxd1 Ne5
34. Bf6 fxg3 35. fxg3 Nf3+ 36. Kh1 Rf5 37. Bd4 Ng5 38. h4 Nf3 39. Bc3 Rf7 40.
Nd4 Rd7 41. Rf1 Nxd4 42. Bxd4 Rxd4 43. Rb1 Ra4 44. Rb2 e3 45. Re2 Bc5 46. Kg2
Rc4 47. Kf3 a5 48. Rb2 h5 49. Rb7 Rc2 50. Rb8+ Kf7 51. Rb7+ Ke6 52. Rb5 Kd5 53.
a4 Rf2# 0-1

[Event "Titled Tuesday 16th Nov"]
[Site "chess.com INT"]
[Date "2021.11.16"]
[Round "6"]
[White "Barbosa, Ev"]
[Black "Kadam, Om Manish"]
[Result "0-1"]
[WhiteElo "2509"]
[BlackElo "2114"]
[PlyCount "67"]
[EventDate "2021.11.16"]
[SourceVersionDate "2018.05.14"]

1. e4 c5 2. Nf3 d6 3. Bb5+ Bd7 4. Bxd7+ Qxd7 5. O-O Nf6 6. Qe2 g6 7. Rd1 Bg7 8.
c3 O-O 9. d4 cxd4 10. cxd4 d5 11. e5 Ne8 12. Nc3 Nc7 13. h4 Nc6 14. h5 Qg4 15.
h6 Bh8 16. Be3 f6 17. Nb5 Ne6 18. exf6 Bxf6 19. Qd2 Bh8 20. Nh2 Qh5 21. Nf1 a6
22. Ng3 Qg4 23. Nc3 Rad8 24. Nce2 Rf7 25. Rac1 Rdf8 26. Rf1 Bf6 27. f3 Qh4 28.
Kf2 Bxd4 29. Rh1 Qg4 30. Nxd4 Ncxd4 31. Bxd4 Rxf3+ 32. Kg1 Rxg3 33. Bg7 Nf4 34.
Re1 0-1

[Event "Titled Tuesday 16th Nov"]
[Site "chess.com INT"]
[Date "2021.11.16"]
[Round "7"]
[White "Lomaia, Diana"]
[Black "Barbosa, Ev"]
[Result "1/2-1/2"]
[WhiteElo "2007"]
[BlackElo "2509"]
[PlyCount "155"]
[EventDate "2021.11.16"]
[SourceVersionDate "2018.05.14"]

1. d4 Nf6 2. Nf3 g6 3. c4 Bg7 4. g3 d5 5. cxd5 Nxd5 6. Bg2 Nb6 7. O-O Nc6 8.
Nc3 Nxd4 9. Nxd4 Qxd4 10. Qc2 c6 11. Be3 Qg4 12. Rfd1 O-O 13. h3 Qh5 14. g4 Qa5
15. Ne4 Nd5 16. Bd2 Qb6 17. Nc5 a5 18. a3 Qxb2 19. Qd3 Qd4 20. Qc2 a4 21. Rab1
Nc3 22. Bxc3 Qxc3 23. Qxc3 Bxc3 24. Nxb7 Be6 25. Nc5 Ba2 26. Rb7 Bf6 27. Nd7
Rfd8 28. Nxf6+ exf6 29. Rxd8+ Rxd8 30. Bxc6 Bb3 31. Rb4 Rd2 32. e3 Rd1+ 33. Kg2
Ra1 34. Bxa4 Bd5+ 35. e4 Be6 36. Bb3 Rxa3 37. Bxe6 fxe6 38. Rb7 Ra6 39. e5 fxe5
40. Kf3 Ra4 41. Re7 Ra3+ 42. Ke4 Rxh3 43. Rxe6 Rh2 44. Kf3 Rh3+ 45. Kg2 Rb3 46.
Rxe5 Kg7 47. Re6 Kf7 48. Ra6 h6 49. f3 Rb4 50. Kg3 Rb3 51. Ra7+ Kf6 52. Rh7 h5
53. gxh5 gxh5 54. Rxh5 Rb4 55. Ra5 Kf7 56. f4 Rc4 57. Kg4 Rc6 58. Rh5 Rb6 59.
Rh7+ Kf8 60. f5 Rc6 61. Kg5 Rb6 62. Rc7 Rd6 63. Rb7 Ra6 64. Rb4 Rc6 65. Rb5 Ra6
66. f6 Ra1 67. Re5 Rg1+ 68. Kf5 Ra1 69. Rb5 Rf1+ 70. Ke6 Re1+ 71. Re5 Rxe5+ 72.
Kxe5 Kf7 73. Kf5 Kf8 74. Kg6 Kg8 75. Kg5 Kf7 76. Kf5 Kf8 77. Ke5 Kf7 78. Kf5
1/2-1/2

[Event "Titled Tuesday 16th Nov"]
[Site "chess.com INT"]
[Date "2021.11.16"]
[Round "8"]
[White "Barbosa, Ev"]
[Black "Pires, M."]
[Result "1-0"]
[WhiteElo "2509"]
[BlackElo "2302"]
[PlyCount "83"]
[EventDate "2021.11.16"]
[SourceVersionDate "2018.05.14"]

1. e4 c6 2. d4 d5 3. exd5 cxd5 4. c4 Nf6 5. Nc3 e6 6. Nf3 Bb4 7. cxd5 Nxd5 8.
Bd2 O-O 9. Bd3 Nc6 10. O-O Be7 11. Qe2 Nf6 12. Be3 b6 13. Rad1 Bb7 14. Bb1 Qd6
15. a3 Rad8 16. Rfe1 Rfe8 17. Bg5 h6 18. Bc1 Bf8 19. Qc2 Ne7 20. Ne5 Nf5 21.
Be3 Qc7 22. Qe2 Nd5 23. Rc1 Nxc3 24. Rxc3 Qd6 25. Rd1 Bd5 26. Bf4 Qe7 27. Bc2
Rc8 28. Ba4 Rxc3 29. Bxe8 Qxe8 30. bxc3 Bxa3 31. c4 Bb7 32. Qd3 Bd6 33. d5 Bxe5
34. Bxe5 Nh4 35. Bg3 Ng6 36. d6 e5 37. d7 Qd8 38. Qd6 h5 39. h4 Kh7 40. c5 bxc5
41. Rb1 Ba8 42. Rb8 1-0

[Event "Titled Tuesday 16th Nov"]
[Site "chess.com INT"]
[Date "2021.11.16"]
[Round "9"]
[White "Van der Werf, M."]
[Black "Barbosa, Ev"]
[Result "0-1"]
[WhiteElo "2387"]
[BlackElo "2509"]
[PlyCount "128"]
[EventDate "2021.11.16"]
[SourceVersionDate "2018.05.14"]

1. Nf3 c5 2. c4 Nc6 3. Nc3 e5 4. e3 Nf6 5. d4 cxd4 6. exd4 e4 7. Ne5 Bd6 8.
Nxc6 dxc6 9. Be2 O-O 10. Bg5 Re8 11. Qd2 h6 12. Bh4 Bf5 13. g4 Bg6 14. g5 Nh7
15. O-O-O Qc7 16. Bg3 Nxg5 17. Qe3 Rad8 18. c5 Bxg3 19. hxg3 Re7 20. Rh4 Red7
21. Rdh1 Rxd4 22. Qxg5 b6 23. Qe3 bxc5 24. g4 f6 25. b3 Qe5 26. Kc2 Rd3 27.
Bxd3 Rxd3 28. Nd1 Rxe3 29. fxe3 c4 30. R4h2 cxb3+ 31. axb3 Bf7 32. Nb2 Qc5+ 33.
Nc4 Bxc4 34. bxc4 Qxc4+ 35. Kb2 Qb4+ 36. Kc2 Qc5+ 37. Kb2 Qxe3 38. Rc2 Qb6+ 39.
Ka2 Qa5+ 40. Kb2 Qb5+ 41. Ka2 Qd5+ 42. Kb2 e3 43. Re1 Qb5+ 44. Kc1 Qd3 45. Rce2
Qc3+ 46. Kb1 Qb4+ 47. Kc1 Qxg4 48. Rxe3 h5 49. Rd1 Qc4+ 50. Kd2 h4 51. Rc1 Qd4+
52. Ke2 Qg4+ 53. Kd2 Kh7 54. Rcc3 Kh6 55. Kc2 g5 56. Rcd3 Qf5 57. Kc3 g4 58.
Kb3 g3 59. Rd4 Qb5+ 60. Kc3 Qg5 61. Ree4 Kh5 62. Rd8 Qc1+ 63. Kb3 Qb1+ 64. Kc3
Qxe4 0-1

[Event "Titled Tuesday 16th Nov"]
[Site "chess.com INT"]
[Date "2021.11.16"]
[Round "10"]
[White "Grigorian, Sp"]
[Black "Barbosa, Ev"]
[Result "0-1"]
[WhiteElo "2475"]
[BlackElo "2509"]
[PlyCount "62"]
[EventDate "2021.11.16"]
[SourceVersionDate "2018.05.14"]

1. d4 Nf6 2. c4 g6 3. Nc3 d5 4. cxd5 Nxd5 5. e4 Nxc3 6. bxc3 Bg7 7. Nf3 c5 8.
Rb1 O-O 9. Be2 Nc6 10. d5 Ne5 11. Nxe5 Bxe5 12. Qd2 e6 13. f4 Bc7 14. O-O exd5
15. exd5 Ba5 16. d6 Rb8 17. Rb5 b6 18. Ba3 Bd7 19. Rxa5 bxa5 20. Bxc5 a4 21. c4
Qf6 22. Ba3 Rfe8 23. c5 Bc6 24. h3 Re4 25. f5 gxf5 26. Bf3 Rd4 27. Qc3 Bxf3 28.
Qxf3 f4 29. Qg3+ fxg3 30. Rxf6 Rb1+ 31. Rf1 Rdd1 0-1